[Event "CZE-ch"]
[Site "Zlin"]
[Date "1997.??.??"]
[Round "5"]
[White "Kalod, Radek"]
[Black "Freisler, Pavel"]
[Result "1-0"]
[WhiteElo "2455"]
[BlackElo "2365"]
[Annotator "Ribli,Z"]
[PlyCount "62"]
[EventDate "1997.06.12"]
[EventType "tourn"]
[EventRounds "11"]
[EventCountry "CZE"]
[EventCategory "10"]
[SourceTitle "CBM 061"]
[Source "ChessBase"]
[SourceDate "1997.11.23"]
[SourceVersion "1"]
[SourceVersionDate "1997.11.23"]
[SourceQuality "1"]

1. c4 Nf6 2. Nc3 c6 3. e4 e5 (3... d5 4. e5 d4 (4... Ne4 5. Nf3) 5. exf6 dxc3
6. fxg7 cxd2+ 7. Bxd2 Bxg7 8. Qc2 Nd7 9. Ne2 Nf6 10. Ng3 Qc7 11. Bd3 Bd7 12.
Bc3 O-O-O 13. O-O-O $14) 4. Nf3 d6 (4... Bb4 5. Nxe5 O-O 6. Nd3 Bxc3 7. dxc3
Nxe4 8. Nf4 $14 {Weiß hat eine bequeme Stellung mit Läuferpaar. Schwarz kommt
nicht zu d7-d5, d.h. seine Stellung ist etwas passiv.}) 5. d4 Nbd7 6. Be2 Be7
7. O-O O-O 8. Qc2 a6 9. Rd1 Qc7 10. h3 {Ein guter profilaktischer Zug. Weiß
bereitet 11.Be3 vor.} (10. Bg5 $5) (10. d5 $5 Rb8 11. Ne1 Re8 12. Be3 $14 {
Krasenkov,M-Balashov,Y URS-sf Moscow-ch 1989 CBM/16}) 10... b5 11. a3 Bb7 (
11... Re8 12. Be3 exd4 13. Nxd4 Ne5 (13... Bb7 14. Nf5 $14 {Rechlis-Greenfeld,
A Beer-Sheva 1988 45/76}) 14. cxb5 cxb5 15. Rac1 Bd7 16. Nd5 Nxd5 17. Qxc7 Nxc7
18. Rxc7 Rec8 19. Rdc1 Bd8 20. Rxc8 Rxc8 21. Rxc8 Bxc8 $11 {0-1 Brook,O-Serper,
G/Oakham 1988 (45)}) 12. Be3 Rfe8 (12... Rac8 {Dieser Zug scheint mir
logischer als die Partiefortsetzung, denn nach 13.Rac1 kann Schwarz 13...Qb8
ziehen.} 13. Rac1 Qb8 (13... Rfd8 14. cxb5 cxb5 15. Qb1 Qb8 16. d5 Rf8 17. Nd2
Ba8 18. Na2 Rxc1 19. Rxc1 Rc8 20. Nb4 Nc5 21. Bg4 Nxg4 22. hxg4 Bb7 23. Nc6
Bxc6 24. dxc6 {1-0 Fernandez Garcia,J-Gil Capape/Matalascanas 1986 (42)}) 14.
Qb1 exd4 (14... Qa8 15. b4 bxc4 16. dxe5 dxe5 17. Nd2 a5 18. Nxc4 axb4 19. axb4
Ba6 {0-1 Goj,A-Kiedrowicz,J/POL-chT Lubniewice 1995 (41)}) (14... Rfe8 15. Bf1
Bf8 16. d5 cxd5 17. cxd5 g6 18. Nd2 Ba8 19. b4 Rc7 20. a4 bxa4 21. Bxa6 Nb6 22.
Qa1 Nfd7 23. Nxa4 f5 {1-0 Vanheste,J-Welz,T/Lugano op 1989 (30)}) 15. Nxd4 Rfe8
16. Bf4 g6 17. Nf3 Bf8 18. Bf1 Nc5 19. Re1 Ne6 20. Bh2 Nd7 21. e5 {1/2-1/2
Kanefsck,G-Soppe,G/Buenos Aires VII Najdorf op 1995 (34)}) 13. Rac1 (13. dxe5
dxe5 14. b4 Rad8 15. Rac1 Qb8 16. Qb3 h6 17. Nh4 Nf8 18. Nf5 Ne6 19. Rxd8 Qxd8
20. Rd1 Qc8 21. a4 {1-0 Zueger,B-Margolin,B/Budapest FS03 GM 1994 (27)}) (13.
cxb5 cxb5 (13... exd4 14. b6 Nxb6 15. Nxd4 g6 16. Nb3 Rad8 17. Bf4 c5 18. Nd2
Bf8 19. Bf3 Bg7 20. a4 Qe7 21. Qb3 Nc8 22. Re1 Qc7 23. Nc4 $14 {1-0 Petran,
P-Greenfeld,A/Budapest Perenyi 1989 (40)}) 14. d5 Rec8 15. Rac1 Bd8 16. Qb1 Qb8
17. Nd2 Bb6 18. Bxb6 Nxb6 19. Qd3 Rc7 20. Qe3 Bc8 21. Nb3 Bd7 22. Na5 Raa7 23.
b3 Nc8 24. Na2 Rxc1 25. Rxc1 Rc7 26. Nc6 Bxc6 27. dxc6 Qa8 28. Nb4 $14 {
1-0 Petran,P-Lobron,E/EUCup Honved-Solingen 1989 (39)}) 13... Qb8 (13... Rac8
14. Qb1 $5 (14. cxb5 exd4 (14... axb5 $2 15. Nxb5 $16) (14... cxb5 15. Qb1 {
[%cal Gc1c7]} Qb8 16. d5 $14 Bd8 {[%cal Gd8b6]}) 15. b6 Nxb6 16. Nxd4 c5 17.
Nf5 Bf8 18. Qd2 d5 19. exd5 Nbxd5 20. Nxd5 Nxd5 21. Bc4 Nxe3 22. Nxe3 {Leko,
P-Izeta Txabarri,F/Erevan olm 1996/EXT 96ch2/1/2-1/2 (41)}) (14. dxe5 $6 dxe5
15. Qb1 (15. b4 $5) 15... b4 16. axb4 Bxb4 17. Nd2 a5 18. Nb3 Bxc3 19. bxc3 c5
20. f3 a4 $15 {Lutz,C-Hickl,J/GER-ch 1991/0-1 (48)}) 14... exd4 15. Nxd4 Qb8
16. Nf5 Bf8 17. b4 {1/2-1/2 Behrens,H-Hickl,J/BL9192 1992 (40)}) 14. b4 $14 {
Nach dem Textzug muß Schwarz im Zentrum reagieren, denn es droht 15.dxe5 dxe5
16.c5 mit großem Raumvorteil.} exd4 15. Nxd4 {[%cal Gd4f5]} bxc4 (15... g6 $5)
16. Bxc4 d5 17. Ba2 {Der tschechische Junior Radek Kalod hält die Spannung in
der Stellung aufrecht.} (17. exd5 cxd5 (17... Nxd5 18. Nxd5 cxd5 19. Bd3 $14)
18. Ba2 a5 19. Nf5 (19. Rb1 axb4 20. axb4) 19... axb4 20. Nxe7+ Rxe7 21. axb4 {
Weiß hat das Läuferpaar, die bessere Figurenstellung und einen potentiellen
ernfernten Freibauern auf b4.Ribli.}) 17... dxe4 (17... a5 {Mit diesem Zug
gelingt es Schwarz, mindestens eine Linie zu öffnen.} 18. bxa5 (18. Rb1 axb4
19. axb4 Nxe4 20. Nxe4 dxe4 21. Qxe4 $4 {Ohne 17...a5 18.Rb1 axb4 19.axb4
diese Zug war moeglich in der Partie.Ribli.} Rxa2 $19) (18. Nf5 axb4 19. Nxe7+
(19. axb4 Bxb4 $15) 19... Rxe7 20. axb4 Nxe4 $15) 18... Bxa3 (18... Rxa5) 19.
Rb1 Qc8 (19... Qc7 20. Nxd5 (20. Ncb5 Qxa5 21. Nxa3 Qxa3 22. Rxb7 Qxa2 $15)
20... Nxd5 21. exd5 $16) 20. Qb3 $18 {[%cal Rb3a3,Rb3b7]}) 18. Nxe4 Nxe4 19.
Qxe4 {[%csl Rb7] Weiß hat aktives Figurenspiel und die bessere Bauernstruktur.
Der schwarze Bb7 steht schlecht.} Nf6 (19... Bxb4 $2 20. Qf5 $18) 20. Qb1 a5 {
Schwarz opfert einen Bauern für Aktivität.} (20... Qc8 21. Nf5 $16 {[%csl Rb7,
Gf5,Rg8]}) (20... Qc7 21. Nf5 {[%csl Gf5,Rg8]}) 21. Nxc6 Bxc6 22. Rxc6 axb4 23.
Rb6 $16 {Mit diesem Zug gewinnt Weiß einen Bauern. Trotz reduzierten Materials
steht er aufgrund des Läuferpaares deutlich besser.} (23. axb4 Qxb4 $11) 23...
Qe5 24. axb4 Ra3 $2 {Die Drohung - 25...Rxe3 - ist leicht abzuwehren.Ribli.} (
24... Rab8 25. Rxb8 Rxb8 26. Qb3 Qh5 27. Bc5 Bxc5 28. bxc5 Rc8 (28... Rxb3 29.
Rd8+ $18) 29. c6 $16) 25. Bc1 Bd8 (25... Ra7 26. Qb3 $16) 26. Bb2 (26. Bxf7+
Kxf7 27. Rb7+ Bc7 (27... Re7 28. Rxe7+ Bxe7 29. Bxa3 $18) 28. f4 Qe7 29. Bxa3
Bb6+ 30. Rxb6 Qe3+ 31. Kh2 Qxb6 32. b5 $16) 26... Qf4 27. Rxf6 $18 {Dieser
einfache Zwischenzug gewinnt die Partie.} (27. Rxd8 Rxd8 28. Bxa3 Rd2) 27...
Bxf6 28. Bxa3 Re2 29. Rf1 (29. Bd5 Qxf2+ 30. Kh1 $18 {Und Schwarz hat nichts
mehr.Ribli.}) 29... Bd4 30. Qc1 Bxf2+ 31. Kh1 Re8 $2 {Und Schwarz gab auf, da
seine Dame hängt. Seine Stellung war ohnehin schon verloren.Ribli.} 1-0

[Event "CZE-ch"]
[Site "Zlin"]
[Date "1997.??.??"]
[Round "4"]
[White "Blatny, Pavel"]
[Black "Haba, Petr"]
[Result "1-0"]
[WhiteElo "2540"]
[BlackElo "2520"]
[Annotator "Ribli,Z"]
[PlyCount "81"]
[EventDate "1997.06.12"]
[EventType "tourn"]
[EventRounds "11"]
[EventCountry "CZE"]
[EventCategory "10"]
[SourceTitle "CBM 061"]
[Source "ChessBase"]
[SourceDate "1997.11.23"]
[SourceVersion "1"]
[SourceVersionDate "1997.11.23"]
[SourceQuality "1"]

1. c4 {Blatny,P} c6 2. e4 e5 3. Nf3 d6 4. d4 Nd7 (4... Bg4 5. dxe5 (5. Be2)
5... Bxf3 6. gxf3 dxe5 7. Qxd8+ Kxd8 8. f4 $14 {Und Weiß besitzt das
Läuferpaar und Initiative. Schwarz wird immer Probleme mit seinem König
behalten.}) 5. Nc3 Ngf6 6. Be2 Be7 7. O-O O-O (7... a6 {Eine interessante Idee:
Schwarz rochiert noch nicht sofort, sondern sucht aktives Spiel am Damenflügel.
} 8. d5 (8. Nh4) 8... Nc5 9. Qc2 cxd5 10. cxd5 Qc7 11. Na4 $5 (11. Qb1) 11...
Bd7 (11... Nfxe4 12. b4) 12. Nxc5 Rc8 13. b4 dxc5 14. Bb2 $14 {Horvath,Jo-Anic,
D,Nice 1992.}) 8. Qc2 Re8 9. Rd1 (9. d5 $5 a6 10. Be3 cxd5 11. cxd5 Ng4 12. Bd2
b5 13. b4 Nb6 14. a4 $36 {Und Schwarz hat viele Schwachpunkte am Damenflügel.})
9... Qc7 (9... Bf8 10. Be3 Ng4 11. Bg5 f6 (11... Be7 12. Bc1 a5 13. h3 exd4 14.
Nxd4 Ngf6 15. Nf5 Nc5 16. e5 {Gausel,E-Moen,O/NOR-ch 1994/1-0 (80)}) 12. Bd2 g6
13. d5 c5 14. a3 Nh6 15. b4 b6 16. Rab1 Nf7 17. Bd3 Bh6 18. Be1 Kh8 19. Nd2 {
1-0 Delchev,A-Petrosian,K/Budapest FS08 GM 1995 (46)}) 10. h3 (10. Be3 h6 11.
d5 c5 12. a3 Nh7 13. b4 b6 14. Rab1 Qd8 {1/2-1/2 Klarenbeek,H-Cifuentes Parada,
R/Nederland tt 1994 (40)}) (10. Bg5 Nf8 (10... h6 11. Bh4 Nh7 (11... g5 12. Bg3
Nh5 13. Rd2 Nf4 14. Bf1 Nf8 15. Nd1 Bg4 16. Ne1 Bh5 17. Ne3 Bg6 18. Nf5 Bxf5
19. exf5 Nh5 20. Rad1 {1/2-1/2 Beim,V-Sokolov,A/Berliner Sommer 1994 (23)}) 12.
Bg3 Ng5 13. Nxg5 hxg5 14. b4 Bf6 15. d5 c5 16. a3 a6 17. f3 b6 18. Bf2 Bd8 19.
Qd2 Nf8 20. Be3 Nh7 21. Rdb1 Qe7 22. bxc5 bxc5 23. Na4 Qa7 24. Rb2 Rb8 25. Rab1
Rxb2 26. Qxb2 Ba5 {Turner,M-Hickl,J/Biel op 1992/1/2-1/2 (68)}) 11. d5 h6 12.
Bxf6 Bxf6 13. dxc6 bxc6 14. c5 dxc5 15. Na4 Ne6 16. Nxc5 Nxc5 17. Qxc5 Qb6 18.
Qc3 {Haba,P-Morrison,C/EU-chTM 1997/1-0 (60)}) (10. b4 a5 11. b5 $13) 10... Nf8
(10... a6 11. a3 (11. Be3 b5 12. a3 exd4 13. Nxd4 Bb7 14. Nf5 Bf8 15. Bf4 $1
Ne5 16. Bg5 $36) 11... Nf8 12. Be3 Ng6 13. Rac1 h6 14. b4 exd4 15. Nxd4 Bf8 16.
Nf5 Be6 17. Bd4 Nd7 {Goldin,A-Orlov,G/Philadelphia World op 1992/TD 92\05/1/
2-1/2 (50)}) (10... Bf8 11. Be3 b6 12. Rd2 Bb7 13. Rad1 a6 14. c5 dxc5 15. dxe5
Nxe5 16. Bg5 Bc8 17. Nxe5 Qxe5 18. f4 Qc7 19. e5 Nd5 20. Rxd5 cxd5 21. Nxd5 Qc6
{1-0 Loeffler,S-Reich,T/BL9495 1995/BL 90 (24)}) 11. Be3 Ng6 12. d5 $14 {
Weiß hat Raumvorteil und die bessere Figurenstellung, aber die schwarze
Stellung ist solide.Ribli.} (12. Rac1 Bf8 (12... Bd7 13. d5 Rf8 14. b4 Qc8 15.
c5 cxd5 16. Nxd5 Nxd5 17. exd5 f5 18. Bg5 {Johnsen,S-Cejkova,M/Novi Sad olw
1990/EXT 90/1-0 (50)}) 13. b4 b6 14. a3 Bb7 15. Bg5 Be7 16. d5 c5 17. Nb5 Qd8
18. Rb1 Ba6 19. Be3 Qd7 20. Nd2 Red8 21. bxc5 dxc5 22. a4 Bd6 23. a5 {
Sergienko,S-Szirmai,E/Zalakaros op 1994/TD 94\02/1-0 (44)}) (12. b4 {Blatny,P}
a5 13. b5 exd4 14. Nxd4 Bf8 15. bxc6 bxc6 16. Re1 h6 17. Rad1 Bd7 18. f4 $14 {
Ezsol,M-Egyed,A/HUN-chT2 1993/TD 93\10/0-1 (49)}) (12. a3 {Blatny,P} Nd7 13.
Rac1 a5 14. b4 axb4 15. axb4 exd4 16. Nxd4 Ndf8 17. Na4 Bf6 18. c5 $36 {
1-0 Hernandez,G-Ritter,M/New York op 1992 (63)}) 12... c5 (12... Nf4 13. Bf1 {
Weiß plant, mit 14.Kh2 und 15.g3 gegen den schwarzen Nf4 vorzugehen.}) 13. b4
$5 {!!Blatny} (13. Rab1 {Blatny,P} Bd8 14. b4 b6 15. Rb3 Qe7 16. Rdb1 Rf8 17.
a4 Nd7 18. Nd2 Nf4 19. Bf1 cxb4 20. Rxb4 Nc5 21. R4b2 f5 $132 {1-0 Tolstikh,
N-Chachalev,J/Volgograd 1994 (36)}) 13... cxb4 $2 {Schwarz nimmt die
Herausforderung an. Meiner Meinung nach wäre es besser, die Stellung
geschlossen zu halten.} (13... b6 14. Rab1 $14) (13... b6 $142 $14 {Blatny,P})
14. Nb5 Qa5 (14... Qb8 15. c5 dxc5 (15... Bd7 {Blatny,P} 16. cxd6 Rc8 17. Qb2
Bxd6 (17... Bxb5 18. dxe7 Bxe2 19. Qxe2 Nxe7 20. Qb5 Qd6 21. Nd2 {/\Nc4}) 18.
Nxd6 Qxd6 19. Nd2 Qe7 20. Rdb1 a5 21. a3 bxa3 22. Qxa3 Qxa3 23. Rxa3 $44) 16.
d6 Bd8 17. Bxc5 $36) 15. a3 $1 {Weiß besitzt dauerhafte Initiative am
Königsflügel.} b3 (15... a6 16. axb4 Qd8 (16... Qxb4 17. Rdb1 $18) 17. Nc3 {
Weiß hat großen Zentrumsvorteil.}) (15... bxa3 16. Rxa3 Qd8 17. Nxa7 $14) 16.
Qxb3 Nxe4 (16... a6 $2 {Blatny,P} 17. Nxd6 $1 Bxd6 18. Bb6 $18) (16... Nf4 $5 {
Blatny,P}) 17. Qb4 {Blatny!} Bd8 (17... Qd8 18. Nxa7 Nf4 19. Bf1 $14) (17...
Qxb4 18. axb4 {[%csl Ra7][%cal Rb5c7]}) 18. Nd2 $5 {Blatny!!} (18. Bd3 a6 19.
Bxe4 axb5 20. Bxg6 Qxb4 21. axb4 Rxa1 22. Rxa1 hxg6 23. cxb5 $11) 18... Nxd2 (
18... Nf4 19. Nxe4 (19. Bf3) (19. Bxf4 $6 exf4) 19... Nxe2+ 20. Kf1 $16 {
[%csl Rd6]}) 19. Bxd2 Qa6 (19... Nf4 20. Bf1 Qxb4 21. axb4 {[%csl Rd6]} (21.
Bxb4 $14) 21... Be7 22. Nc7 $16) (19... Qxb4 {Blatny,P} 20. Bxb4 $18 {_|_}) 20.
Qxd6 Qxd6 21. Nxd6 {Nach Vereinfachungen erhält Weiß positionellen Vorteil.
Seine Zentrumsbauern sind gefährlich.} Rf8 (21... Re7 {Blatny,P} 22. Nxc8 Rxc8
23. d6 Re6 24. Bg4 $18) 22. Nxc8 (22. c5) 22... Rxc8 23. Bb4 $16 {[%csl Rf8]}
Bb6 $5 {Schwarz gibt eine Qualität für Gegenspiel. Nach dem Textzug erhält der
Nachziehende etwas Kompensation und Spiel auf den schwarzen Feldern.} (23...
Re8 24. Bg4 (24. d6 {Blatny,P} Ra8 25. c5 $16) 24... Rxc4 (24... Rc7 25. d6 $18
) 25. Bd7 $16 {[%csl Re8]}) 24. Bxf8 Nxf8 25. Rab1 $1 {[%cal Gb1b7]} (25. Kf1
Bd4 26. Rab1 b6) 25... g6 {Schwarz bereitet für 26.Bg4 f5 vor.Ribli.} (25...
Nd7 {Blatny,P} 26. Bg4 $18) 26. Rb5 {[%csl Gb5] ?! Blatny} (26. a4 $142 $1 {
Blatny,P} Nd7 $140 (26... Rc5 27. Rb5 Nd7 (27... Rxb5 28. axb5 Nd7 29. d6 $18 {
_|_}) 28. Rdb1 $18) 27. a5 $18) 26... Nd7 27. a4 $5 (27. Bg4 $6 f5) 27... Nc5
28. a5 Bd8 29. Rdb1 {Weiß bereitet ein Qualitätsopfer vor, ohne das er seinen
Vorteil nicht verwerten kann.} Kf8 (29... b6 {Blatny,P} 30. axb6 axb6 31. Rxb6
Bxb6 32. Rxb6) (29... a6 {Blatny,P} 30. Rxb7 (30. Rxc5) 30... Nxb7 31. Rxb7
Bxa5 32. Ra7) 30. g4 {Das ist der sogenannte Minoritäts-Angriff am
Königsflügel. Weiß schränkt die Bewegungsfreiheit der schwarzen Bauern ein.} a6
31. Rxb7 $1 Nxb7 32. Rxb7 {[%csl Gb7,Gc4,Gd5]} Bxa5 (32... Rc5 33. d6 Rxa5 34.
Bf3 {[%csl Gb7,Gd6,Gf3][%cal Rf3d5,Rd5f7]}) 33. g5 {[%cal Ge2g4] Weiß hat
keinen Materialvorteil mehr aber sehr gute Figurenkoordination.} (33. Ra7 $6 {
Blatny,P} Bb4 $1 34. Rxa6 Bc5 {/\Ke7}) 33... Bd8 34. h4 Be7 $2 (34... a5 $5 35.
d6 Rc6 (35... a4 36. Bf3 Rxc4 37. Bd5 Rf4 38. Rb8 Ke8 39. Bc6+ $18) 36. c5 Rxc5
37. Rb8 Ke8 38. Bb5+ $16 (38. Bb5+ {Blatny,P} Rxb5 39. Rxb5 Kd7 40. Rb7+ (40.
Rxe5 $2 Kxd6 41. Re8 Kd7 42. Rh8 $4 a4 $1 43. Rxh7 Ke6 $1 44. Rh8 Ke7 $19)
40... Ke6 $8 41. Rb8 $1 Kd7 42. Kg2 a4 43. Kf3 a3 44. Ke4 $16)) 35. Rb6 a5 $2 (
35... Bc5 $8 {Blatny,P} 36. Rxa6 Ke7 $16) 36. d6 Bd8 37. Rb5 a4 38. c5 $18 {
Die verbundenen weißen Freibauern entscheiden die Partie.} a3 39. Bc4 {[%csl
Gc4][%cal Gc4a2,Gc4f7,Rb5b7,Rb7f7]} f6 (39... Ke8 {Blatny,P} 40. Bd5 {/\c6})
40. Be6 fxg5 (40... Ra8 41. c6 a2 42. Bxa2 Rxa2 43. c7 $18) 41. Rb7 {Und
Schwarz gab in verlorener Stellung auf.Ribli.} (41. Bxc8 $4 a2 $19) (41. Rb7
Ra8 (41... Rxc5 42. Rf7+ Kg8 (42... Ke8 43. d7#) 43. Rd7+ $18) 42. c6 a2 43.
Bxa2 Rxa2 44. c7 $18) 1-0

[Event "GER-ch"]
[Site "Bad Neuenahr"]
[Date "1991.??.??"]
[Round "14"]
[White "Lutz, Christopher"]
[Black "Schuh, Hubert"]
[Result "1/2-1/2"]
[WhiteElo "2500"]
[BlackElo "2375"]
[Annotator "Ribli,Z"]
[PlyCount "97"]
[EventDate "1991.06.??"]
[EventType "tourn"]
[EventRounds "15"]
[EventCountry "GER"]
[EventCategory "7"]
[SourceTitle "CBM 024"]
[Source "ChessBase"]
[SourceDate "1991.10.01"]
[SourceVersion "1"]
[SourceVersionDate "1991.10.01"]
[SourceQuality "1"]

1. d4 Nf6 2. c4 d6 3. Nf3 Nbd7 4. Nc3 e5 5. e4 Be7 6. Be2 O-O 7. O-O c6 8. Re1
a6 9. Bf1 Re8 10. Rb1 b5 11. b4 Qc7 12. a3 (12. a4 $5 exd4 13. Nxd4 Ne5 14.
cxb5 cxb5 15. Bb2 bxa4 16. Qxa4 Bb7 17. Qb3 Rac8 18. Nf5 Bf8 19. b5 $14 {
Marin,M-Naumann,F Budapest Spring op 1990 EXP/17}) 12... exd4 13. Nxd4 Nb6 14.
cxb5 cxb5 15. Bb2 Bf8 16. Rc1 Qb7 17. Nb3 Be6 18. Na5 Qa7 19. h3 Rac8 20. Qd4
Rc7 21. Ne2 Rec8 22. Nf4 Rxc1 23. Bxc1 Qc7 24. Be3 Nfd7 25. Nxe6 fxe6 26. Rc1
Qb8 27. Qd1 Qa8 28. Rxc8 Qxc8 29. Qb3 Kf7 30. f4 Na4 31. Bd4 Nf6 32. Qd3 Qc1
33. e5 Nd5 34. Nb7 Qxf4 35. Nxd6+ Bxd6 36. exd6 Qxd6 37. Qxh7 Nf6 38. Qd3 Nb6
39. Bc5 Qc7 40. Qd4 Nbd5 41. Be2 Qg3 42. Bf3 Qe1+ 43. Kh2 Qc1 44. Qd3 Nc3 45.
Be3 Qe1 46. Bd4 Nce4 47. Qe3 Qxe3 48. Bxe3 Nd5 49. Bxe4 1/2-1/2

[Event "Rubinstein Memorial 34th"]
[Site "Polanica Zdroj"]
[Date "1997.08.23"]
[Round "5"]
[White "Andersson, Ulf"]
[Black "Malaniuk, Vladimir P"]
[Result "1-0"]
[WhiteElo "2640"]
[BlackElo "2615"]
[Annotator "Ribli,Z"]
[PlyCount "117"]
[EventDate "1997.08.19"]
[EventType "tourn"]
[EventRounds "11"]
[EventCountry "POL"]
[EventCategory "16"]
[SourceTitle "CBM 061"]
[Source "ChessBase"]
[SourceDate "1997.11.23"]
[SourceVersion "1"]
[SourceVersionDate "1997.11.23"]
[SourceQuality "1"]

1. d4 Nf6 2. Nf3 d6 3. c4 c6 4. Nc3 Nbd7 5. e4 e5 6. Be2 Be7 7. O-O O-O (7...
a6 8. Rb1 (8. Nh4 $5 exd4 9. Qxd4 Nc5 10. Nf5 Bxf5 11. exf5 a5 12. g4 $1 O-O
13. g5 Nfd7 14. h4 f6 15. f4 Qc7 16. Kh1 Rad8 17. Bd2 $16 {Savchenko,S-Suetin,
A/Groningen op/1993/1:0/42/}) 8... Qc7 9. b4 O-O 10. Bb2 (10. dxe5 dxe5 11. c5
Re8 12. Bc4 h6 13. Qb3 Rf8 14. Nh4 b5 15. Ng6 Nxc5 16. bxc5 bxc4 17. Qb6 Qd7
18. Qxc6 Qa7 19. Nxe7+ {1-0 Schnegelsberg,K-Silberschlag,J/Hessen qual 1991})
10... Re8 11. Qc2 b5 12. a3 Bb7 13. dxe5 $5 dxe5 14. c5 $1 Nf8 15. Nd1 Ng6 16.
Ne3 Bf8 {Gligoric,S-Tosic,M/JUG-ch Novi Sad 1995/1-0 (61)}) 8. Rb1 (8. Be3 a6
9. d5 cxd5 10. cxd5 Ne8 11. Qd2 Ndf6 12. Qc2 $14 {Horvath,Jo - Blagojevic,
Yugosl.Mannschaftmeisterschaft 1997.}) 8... a6 (8... Re8 9. b4 Bf8 10. d5 cxd5
11. cxd5 g6 12. Nd2 Re7 13. Nc4 Nb6 14. Na5 Ne8 15. Be3 f6 16. Qb3 Rf7 17. f4
Bh6 18. Nb5 {1-0 Jasnikowski,Z-Sapis,W/POL-ch Slupsk 1989 (45)}) 9. Qc2 (9. d5
cxd5 10. cxd5 b5 11. a3 Nb6 12. b3 Bd7 13. Bd2 Qb8 14. Bd3 Rc8 15. Qe2 Bg4 16.
h3 Bh5 17. Qe3 {Karpov,A-Christiansen,L/Monaco blind 1993/EXP 34/1-0 (45)}) (9.
b4 Re8 10. Re1 (10. Qc2 Bf8 11. a3 Qc7 12. Bb2 b5 13. Rfe1 exd4 14. Nxd4 Ne5
15. cxb5 cxb5 16. Rbc1 Bb7 $14 {Tosic,M-Vratonjic,S/YUG-ch/1991/1:0/72/}) 10...
h6 11. Bf1 Qc7 12. h3 b5 13. a4 exd4 14. Nxd4 Bb7 15. Nf5 Bf8 16. Bf4 {1-0
Gallego,V-Nicoara Etchegaray,M/Benasque op 1993 (26)}) 9... Qc7 10. dxe5 dxe5
11. b4 b5 (11... Re8 $5 12. Rd1 Nf8 13. h3 b5 14. Be3 Ne6 {Suba,M-Martin,A/
BCF-ch Eastbourne 1990/EXT 90ch/0-1 (53)}) 12. c5 $14 a5 (12... Rd8 13. Bb2 h6
14. Nd1 Nh7 15. Ne3 Ng5 16. Nf5 Nxf3+ 17. Bxf3 Nf8 18. Rfd1 {1-0 Gligoric,
S-Rasmussen/Plovdiv 1986 (32)}) 13. a3 {Weiß hat deuerhaften Raumvorteil,
während Schwarz sich bei der Entwicklung seines Damenflügels vor Probleme
gestellt sieht.Ribli.} Re8 14. Bb2 (14. Nd1 Nf8 15. Bb2 Ng6 16. Ne3 Bf8 17. g3
a4 18. h4 Be6 19. Nd2 h5 20. Bc3 Rad8 21. Rbc1 Rd7 22. Nf3 Ng4 23. Nxg4 Bxg4
24. Nh2 Bh3 25. Rfe1 {1-0 Nielsen,P-Gretarsson,H/Gausdal Masters 1995 (36)})
14... Bf8 15. Bd1 $5 {Ein origineller, großmeisterlicher Zug. Weiß bereitet
das Läufermanöver Bd1-b3 vor.Ribli.} (15. Nd1 Nb8 16. Ne3 Ng4 17. Nxg4 Bxg4 18.
h3 Bh5 19. Nh4 Bxe2 20. Qxe2 axb4 21. axb4 g6 22. Nf3 Nd7 23. Rfd1 {1-0 Cebalo,
M-Danielsen/Kobenhavn m 1987 (48)}) 15... Nb8 16. Ne2 $5 {[%csl Ge5] Weiß
stört die schwarze Entwicklung. Der Läuferzug 16...Be6 ist wegen der Schwäche
e5 unmöglich.} g6 {Ein nützlicher Zug, sonst kommt Weiß in einigen Varianten
zu Ng3-f5-d6.} (16... Na6 17. Bc3 {[%csl Ra6]}) 17. Ng3 Bg7 18. Bc3 Nfd7 19.
Qb2 {[%csl Rd6][%cal Gd1b3,Gb3g8]} axb4 20. axb4 Nf8 {Prinzipiell wäre dieses
Springermanöver gut, denn der Springer strebt nach d4. Hier aber hängt der
schwache Pe5 immer.} 21. Bb3 h6 (21... Bg4 $5 {Meines Erachtens hat Schwarz
hier gute Ausgleichschancen. Nun droht 22...Bxf3. Für den Fall, daß der Nf3
wegzieht, wird 22...Be6 möglich.} 22. Nd2 (22. Ng5 Ne6 23. Nxe6 Bxe6) 22... Be6
) 22. h3 $5 {Verhindert den Läuferzug 22...Bg4.} Be6 {[#]} 23. Bxe5 $1 {
Eine kleine Kombination! Weiß gewinnt einen wichtigen Zentrumsbauern und
bekommt klaren Vorteil.} Bxe5 (23... Bxb3 24. Bxg7 $16) 24. Nxe5 Bxb3 25. Ng4
$1 $16 {[%csl Rf6][%cal Rg4f6,Rf6g8] Dieser Zwischenzug ist die Pointe!} Re6
26. Qxb3 h5 27. Ne3 (27. Nh6+ $6 Kh7 {[%csl Rh6]} 28. Qe3 {Vielleicht ist
diese Fortsetzung auch vorteilhaft für Weiß, aber der Textzug ist viel
sicherer.}) 27... Qf4 28. Rbd1 (28. Ra1 $2 Rxa1 29. Rxa1 h4 30. Ne2 Qxe4) 28...
Re8 (28... h4 $5 29. Ne2 Qxe4 30. Rd4 Qe5 31. Rxh4 Nbd7 32. Rd4) 29. Rfe1 Nbd7
(29... h4 30. Ne2 Qxe4 31. Ng4 Qe7 32. Rd6 {[%csl Rf6]}) 30. Ne2 $5 {Weiß gibt
seinen Mehrbauern vorübergehend zurück und bekommt später einen anderen Bauern.
} (30. Rd4) 30... Qxe4 31. Nd4 {[%csl Rc6]} Rac8 (31... g5 32. Nef5 $16 (32.
Nec2 Qg6)) 32. Nec2 Qf4 (32... Qh4 33. Rxe8 Rxe8 34. Nxc6 $16) 33. Rxe8 Rxe8
34. Nxc6 {Weiß hat nicht nur einen Bauern mehr sondern auch einen gefährlichen
Freibauern auf c5.} Re2 35. Rf1 Ne6 36. Ne3 (36. Ne7+ Kh7 37. Nd5 Qd2 38. Nce3
Nd4 39. Qc3 $16) 36... Qe4 37. Qd5 Nf6 (37... Qxd5 38. Nxd5 Rd2 39. Nc3 {
[%csl Rb5]} Nc7 40. Rd1 Rxd1+ 41. Nxd1 $16) 38. Qxe4 Nxe4 39. Ne7+ Kg7 40. N7d5
f5 (40... Nd4 41. Rd1 Nc6 42. f3 $16) 41. c6 f4 42. Nxf4 $1 {Durch ein
vorübergehendes Figurenopfer führt Weiß die Entscheidung herbei.} Nxf4 43. c7
Nd6 44. Rd1 Nc8 45. Rd8 Nb6 (45... Ne7 46. Rd7 $18) 46. Rb8 (46. c8=Q $6 {
Weiß muß nicht sich mit diesem Zug beeilen.} Nxc8 47. Rxc8 Nd3 $14) 46... Re1+
47. Kh2 Rc1 $8 (47... Ne6 48. Rxb6 Nxc7 49. Rb7 Rc1 50. Nd5 $18) 48. Rxb6 Rxc7
49. Rxb5 {Mit zwei Mehrbauern und der "Andersson-Technik" im Rücken steht Weiß
auf Gewinn.} Nd3 50. Kg3 Rf7 51. f4 $1 {Der einfachste Weg zum Gewinn.Ribli.} (
51. f3) 51... Rxf4 (51... Nxf4 52. Nf5+ gxf5 (52... Rxf5 53. Rxf5 Ne2+ 54. Kf2
(54. Kf3 $4 Nd4+ $19) 54... gxf5 55. Kxe2 $18) 53. Kxf4 $18) 52. Rb7+ Kh6 53.
b5 {[%csl Gb5,Rd3,Rf4] Der weiße Freibauer entscheidet den Kampf.} h4+ 54. Kh2
Rb4 55. b6 Nc5 (55... Kg5 $5 56. Nd5 Rb5 57. Rd7) 56. Rc7 Ne6 57. Rc6 Ng7 {
[%cal Gg7h5,Gh5g3]} 58. Nd5 $18 Rb2 59. Rc4 {Und Schwarz gab auf, weil Ph4
hängt und 60.Rb4 mit Durchmarsch des b-Bauern droht.Ribli.} (59. Nf4 $18) 1-0